00424nam a2200145Ia 4500008004100000020001800041041000800059082001600067100002400083245006900107250000600176260004700182300001400229650003500243210716s2014 xx 000 0 und d a9781259026690 aeng a003.54 JAWW aJawadekar, Waman S. aManagement information systems: text and cases.bText and cases. a5 aNew DelhibMc Graw Hill Book Companyc2014 axviii,814 aManagement Information Systems